000 00595nam a2200229Ia 4500
003 OSt
005 20221007074625.0
006 a|||||r|||| 00| 0
007 ta
008 221006b |||||||| |||| 00| 0 eng d
024 _a32,348
037 _cTextual
040 _aFLL
_cFLL
_beng
041 _2eng
_aeng
082 _aP111:4k, N7
100 _aAiyar P. Ramanatha
245 0 _aConcise law dictionary
260 _aNagpur
_bWadhwa & Company India
_c1997
300 _a904p
_ccm.
942 _hP111:4k, N7
_cTEXL
_2CC
999 _c1153108
_d1153108